[Event "Open NK"]
[Site "Dieren NED"]
[Date "2011.07.27"]
[Round "8"]
[White "Fier, Alexandr"]
[Black "Vovk, Andrey"]
[Result "1-0"]
[WhiteTitle "GM"]
[BlackTitle "GM"]
[WhiteElo "2566"]
[BlackElo "2551"]
[WhiteFideId "2107139"]
[BlackFideId "14114470"]
[EventDate "2011.07.19"]

1. e4 e5 2. Nf3 Nc6 3. Bb5 a6 4. Ba4 Nf6 5. O-O Nxe4 6. d4 b5 7. Bb3 d5 8. dxe5
Be6 9. c3 Bc5 10. Qd3 O-O 11. Be3 Bxe3 12. Qxe3 f6 13. Rd1 Bf7 14. Nbd2 Qe8 15.
Nxe4 dxe4 16. Qxe4 Nxe5 17. Nxe5 Bxb3 18. axb3 fxe5 19. b4 Rd8 20. Rxd8 Qxd8 21.
Qxe5 Qd2 22. f3 Qxb2 23. Rxa6 Qc1+ 24. Kf2 Qd2+ 25. Kg3 h6 26. h3 Rd8 27. Re6
Rd6 28. Rxd6 cxd6 29. Qxb5 d5 30. Qb8+ Kh7 31. Qe5 Qd3 32. h4 Kg8 33. h5 Qb5 34.
Qd6 Kh7 35. Qc5 Qd7 36. c4 dxc4 37. Qxc4 Qd2 38. Qf4 Qb2 39. Qf5+ Kh8 40. b5 Qd4
41. Qe6 Qd8 42. Kh3 Qa5 43. Qc6 Kh7 44. Qg6+ Kh8 45. b6 Qb5 46. f4 Qb3+ 47. Kh2
Qb5 48. Qe6 Qxh5+ 49. Kg3 g5 50. Qe5+ Kh7 51. fxg5 Qd1 52. Qe7+ Kg8 53. Qe6+ Kf8
54. b7 Qd3+ 55. Kh2 1-0

[Event "Open NK"]
[Site "Dieren NED"]
[Date "2011.07.27"]
[Round "8"]
[White "Milov, Leonid"]
[Black "Radulski, Julian"]
[Result "0-1"]
[WhiteTitle "IM"]
[BlackTitle "GM"]
[WhiteElo "2515"]
[BlackElo "2556"]
[WhiteFideId "14101068"]
[BlackFideId "2901595"]
[EventDate "2011.07.19"]

1. e4 e5 2. Nf3 Nc6 3. Bb5 a6 4. Ba4 g6 5. c3 d6 6. d4 Bd7 7. Bb3 Bg7 8. dxe5
dxe5 9. Bg5 Nf6 10. Nbd2 h6 11. Bh4 Qe7 12. O-O g5 13. Bg3 O-O-O 14. Qc2 Nh5 15.
Rfe1 Nxg3 16. fxg3 h5 17. Nc4 h4 18. Ne3 hxg3 19. hxg3 Bf8 20. Bd5 g4 21. Nh4
Rxh4 22. gxh4 Qxh4 23. g3 Qxg3+ 24. Qg2 Qf4 25. b4 Bxb4 26. Bxc6 Bc5 27. Bxd7+
Rxd7 28. Qe2 f5 29. Qf2 Qxf2+ 30. Kxf2 f4 31. Rad1 Bxe3+ 32. Ke2 Bc5 0-1

[Event "Open NK"]
[Site "Dieren NED"]
[Date "2011.07.27"]
[Round "8"]
[White "Nijboer, Friso"]
[Black "Arnaudov, G. Petar"]
[Result "1/2-1/2"]
[WhiteTitle "GM"]
[BlackTitle "IM"]
[WhiteElo "2546"]
[BlackElo "2439"]
[WhiteFideId "1000063"]
[BlackFideId "2907127"]
[EventDate "2011.07.19"]

1. e4 e5 2. Nf3 Nc6 3. Bb5 a6 4. Ba4 Nge7 5. c3 g6 6. d4 exd4 7. cxd4 b5 8. Bc2
d5 9. O-O Bg7 10. exd5 Nxd5 11. Bg5 Qd6 12. Re1+ Be6 13. Nc3 Nxc3 14. bxc3 O-O
15. Nd2 Bd5 16. Ne4 Bxe4 17. Bxe4 Rab8 18. a4 Nd8 19. axb5 axb5 20. Bh4 b4 21.
Bg3 Qb6 22. Qd3 Ne6 23. Reb1 Qb5 24. Qxb5 Rxb5 25. Ra4 b3 26. Bd3 Rb7 27. Bc4 b2
28. Ra2 Rfb8 29. Kf1 Bh6 30. Bd5 Rb5 31. Bc4 R5b7 32. Bd5 Rb5 33. Bxe6 fxe6 34.
Bxc7 Rc8 35. Ra7 Rb3 36. c4 Bg7 37. c5 Bxd4 38. Ra4 e5 39. Bd6 Kf7 40. Ke2 Ke6
41. f4 Bxc5 42. Bxe5 Bb4 43. Kd1 Ba3 44. Rxa3 Rc1+ 45. Ke2 Rxa3 46. Rxb2 g5 47.
Kf2 Kd5 1/2-1/2

[Event "Open NK"]
[Site "Dieren NED"]
[Date "2011.07.27"]
[Round "8"]
[White "Hendriks, Willy"]
[Black "Brandenburg, Daan"]
[Result "1/2-1/2"]
[WhiteTitle "IM"]
[BlackTitle "GM"]
[WhiteElo "2415"]
[BlackElo "2538"]
[WhiteFideId "1000713"]
[BlackFideId "1011014"]
[EventDate "2011.07.19"]

1. e4 e6 2. d4 d5 3. e5 c5 4. c3 Nc6 5. Nf3 Qb6 6. a3 Nh6 7. Bd3 Bd7 8. dxc5
Bxc5 9. O-O Ng4 10. Qe2 Qc7 11. b4 Be7 12. Bf4 f6 13. exf6 Qxf4 14. fxe7 e5 15.
h3 e4 16. hxg4 Bxg4 17. Bxe4 dxe4 18. Qd2 Qxd2 19. Nfxd2 e3 20. fxe3 Kxe7 21.
Rf4 h5 22. Nb3 g5 23. Re4+ Kf6 24. Nd4 Rhe8 25. Nd2 Ne5 26. c4 Rad8 27. c5 a6
28. Rc1 Bd7 29. Rc3 Re7 30. Nc4 Nxc4 31. Rxe7 Kxe7 32. Rxc4 Kf6 33. Nf3 Bc6 34.
Rd4 Rd5 35. Kf2 h4 36. Rxd5 Bxd5 37. a4 Bc6 38. a5 Bd5 39. Nd4 g4 40. b5 axb5
41. Nxb5 Bc6 42. Nd4 Bd5 43. Nc2 Ke5 44. Nb4 Be4 45. Kg1 Ke6 46. Kh2 Kd7 47. g3
h3 48. Kg1 Kc7 49. Kh2 Kd7 50. Kg1 1/2-1/2

[Event "Open NK"]
[Site "Dieren NED"]
[Date "2011.07.27"]
[Round "8"]
[White "Neverov, Valeriy"]
[Black "Lenderman, Aleksandr"]
[Result "0-1"]
[WhiteTitle "GM"]
[BlackTitle "GM"]
[WhiteElo "2500"]
[BlackElo "2525"]
[WhiteFideId "14100150"]
[BlackFideId "2021285"]
[EventDate "2011.07.19"]

1. d4 d5 2. c4 c6 3. Nf3 Nf6 4. Nc3 a6 5. c5 g6 6. h3 Bg7 7. Bf4 O-O 8. e3 Bf5
9. Be2 Nbd7 10. O-O Ne4 11. g4 Be6 12. Qc2 f5 13. g5 Bf7 14. b4 e5 15. dxe5 Qe7
16. Rac1 Rfe8 17. Rfd1 Nxe5 18. Bxe5 Bxe5 19. Nxe5 Qxg5+ 20. Bg4 fxg4 21. Nxg4
h5 22. f4 Qh4 23. Nh6+ Kg7 24. Nxe4 Rxe4 25. Nxf7 Kxf7 26. Rd3 Rae8 27. Qd2 Qg3+
28. Qg2 Qxg2+ 29. Kxg2 Rxe3 30. Rd4 Re2+ 31. Kg3 R8e3+ 32. Kh4 Kf6 33. Rh1 Rxa2 0-1

[Event "Open NK"]
[Site "Dieren NED"]
[Date "2011.07.27"]
[Round "8"]
[White "Deepan Chakkravarthy J."]
[Black "Ly, Moulthun"]
[Result "0-1"]
[WhiteTitle "GM"]
[BlackTitle "FM"]
[WhiteElo "2470"]
[BlackElo "2369"]
[WhiteFideId "5011132"]
[BlackFideId "3204405"]
[EventDate "2011.07.19"]

1. d4 Nf6 2. Nf3 g6 3. g3 Bg7 4. Bg2 O-O 5. O-O d6 6. c4 Nc6 7. Nc3 a6 8. h3 Bd7
9. e4 e5 10. Be3 exd4 11. Nxd4 Re8 12. Qc2 Qc8 13. Nxc6 bxc6 14. Kh2 Rb8 15.
Rae1 Re5 16. g4 h5 17. g5 Nh7 18. f4 Re8 19. b3 c5 20. Bc1 a5 21. Nd5 a4 22. Bb2
axb3 23. axb3 Bxb2 24. Qxb2 Be6 25. Ne3 Bd7 26. Nd5 Be6 27. e5 c6 28. Nc3 Bxc4
29. Ne4 Bxf1 30. Nxd6 Qe6 31. Bxf1 Rxb3 32. Qg2 Rb4 33. Nxe8 Qxe8 34. Re4 Nf8
35. Bc4 Ne6 36. Qd2 Qb8 37. Kg3 Nd4 38. Qa2 Rb2 39. Bxf7+ Kg7 40. Qc4 h4+ 0-1

[Event "Open NK"]
[Site "Dieren NED"]
[Date "2011.07.27"]
[Round "8"]
[White "Goudriaan, Etienne"]
[Black "Petrov, Marijan"]
[Result "0-1"]
[WhiteTitle "FM"]
[BlackTitle "GM"]
[WhiteElo "2283"]
[BlackElo "2534"]
[WhiteFideId "1021150"]
[BlackFideId "2901773"]
[EventDate "2011.07.19"]

1. e4 g6 2. d4 Bg7 3. Nc3 c6 4. h3 d5 5. e5 Nh6 6. Bf4 f6 7. Qd2 Nf7 8. Nf3 O-O
9. O-O-O b5 10. Kb1 Na6 11. g4 Nc7 12. exf6 exf6 13. Bg2 Nd6 14. Bxd6 Qxd6 15.
Ne2 b4 16. Qf4 Nb5 17. Qxd6 Nxd6 18. Nf4 Ne4 19. Nd3 a5 20. Rhf1 Ba6 21. Nd2 f5
22. gxf5 Nxd2+ 23. Rxd2 Rxf5 24. c3 bxc3 25. bxc3 Rb8+ 26. Kc2 Bc4 27. Ra1 Bh6
28. Re2 a4 29. Rae1 Rff8 30. Bh1 Bxa2 31. Nb4 Bb3+ 32. Kb1 Bc4 33. Re6 Bd2 0-1

[Event "Open NK"]
[Site "Dieren NED"]
[Date "2011.07.27"]
[Round "8"]
[White "Turova, Irina"]
[Black "Wilgenhof, Otto"]
[Result "1-0"]
[WhiteTitle "IM"]
[WhiteElo "2413"]
[BlackElo "2210"]
[WhiteFideId "4120876"]
[BlackFideId "1002589"]
[EventDate "2011.07.19"]

1. d4 Nf6 2. c4 g6 3. Nc3 Bg7 4. g3 O-O 5. Bg2 d6 6. Nf3 Nbd7 7. O-O e5 8. e3
Re8 9. a4 exd4 10. exd4 d5 11. c5 c6 12. Bf4 Ne4 13. a5 f5 14. Qb3 Ndf6 15. Ne5
g5 16. a6 Qe7 17. Be3 bxa6 18. Nxc6 Qc7 19. Nxe4 Nxe4 20. Nb4 Qf7 21. f3 Nf6 22.
Bxg5 Rb8 23. Qc3 Qb7 24. Nd3 Bd7 25. Ne5 Qxb2 26. Qxb2 Rxb2 27. Bxf6 Bxf6 28. f4
Bb5 29. Rf2 Rb4 30. Rd2 Kg7 31. Bf1 Bxf1 32. Kxf1 Re6 33. Kf2 Bd8 34. Ke3 a5 35.
Rda2 Bc7 36. Kd3 h5 37. Kc3 Ra6 38. Ra4 Rb8 39. Re1 Re6 40. Re2 Rb5 41. Raa2 Rh6
42. Nf3 Bd8 43. Re5 Ra6 44. Ra4 Rb1 45. Rxd5 Bf6 46. Rxf5 Rf1 47. Ne5 h4 48.
gxh4 Bxh4 49. Kc4 Bd8 50. Rf7+ Kg8 51. Rd7 Bf6 52. Nd3 Re6 53. Rxa5 a6 54. Kd5
Re3 55. Rxa6 1-0

[Event "Open NK"]
[Site "Dieren NED"]
[Date "2011.07.27"]
[Round "8"]
[White "Vogel, Jaap"]
[Black "Kuipers, Stefan"]
[Result "1/2-1/2"]
[WhiteTitle "FM"]
[BlackTitle "FM"]
[WhiteElo "2221"]
[BlackElo "2365"]
[WhiteFideId "1000764"]
[BlackFideId "1018400"]
[EventDate "2011.07.19"]

1. d4 d5 2. Nf3 Nf6 3. c4 c6 4. e3 Bg4 5. Be2 e6 6. Nbd2 Nbd7 7. O-O Bd6 8. b3
O-O 9. Bb2 Qe7 10. Ne5 Bxe2 11. Qxe2 Ba3 12. Ndf3 a5 13. c5 Bxb2 14. Qxb2 Nxe5 1/2-1/2

[Event "Open NK"]
[Site "Dieren NED"]
[Date "2011.07.27"]
[Round "8"]
[White "Vishnu Prasanna. V"]
[Black "Zwirs, Nico"]
[Result "1-0"]
[WhiteTitle "IM"]
[WhiteElo "2340"]
[BlackElo "2125"]
[WhiteFideId "5030692"]
[BlackFideId "1036432"]
[EventDate "2011.07.19"]

1. e4 c5 2. Nf3 d6 3. Bc4 Nc6 4. c3 Nf6 5. d3 Bg4 6. Qb3 e6 7. Qxb7 Rc8 8. Bb5
Qd7 9. Qxd7+ Kxd7 10. Nbd2 Rb8 11. Ba4 Kc7 12. a3 d5 13. Bxc6 Kxc6 14. Ne5+ Kc7
15. Nxf7 Rg8 16. Nf1 Kc8 17. Ng3 dxe4 18. dxe4 e5 19. Nxe5 Be6 20. Nf3 Bc4 21.
Nd2 Bd3 22. c4 g6 23. a4 Bh6 24. f3 Rd8 25. Ngf1 Nd7 26. Kf2 Bxf1 27. Nxf1 Bxc1
28. Rxc1 Rxb2+ 29. Kg3 Nf6 30. Rg1 Rd3 31. Kf4 h6 32. h4 Nh5+ 33. Kg4 Nf6+ 34.
Kf4 Nh5+ 35. Kg4 Nf6+ 36. Kh3 Nxe4 37. Re1 Nf6 38. Ng3 g5 39. Nf5 g4+ 40. Kg3
gxf3 41. gxf3 Nh5+ 42. Kg4 Nf6+ 43. Kf4 Rc2 44. Ne3 Rd4+ 45. Kf5 Rf2 46. Kxf6
Rxf3+ 47. Ke5 Rxh4 48. Rg8+ Kb7 49. Rb1+ Kc6 50. Rg6+ Kd7 51. Rg7+ Kc6 52. Nd5
Rh5+ 53. Ke6 Rxd5 54. cxd5# 1-0

[Event "Open NK"]
[Site "Dieren NED"]
[Date "2011.07.27"]
[Round "8"]
[White "Hoogland, Dirk"]
[Black "Sowray, Peter J"]
[Result "1/2-1/2"]
[WhiteTitle "CM"]
[BlackTitle "FM"]
[WhiteElo "2181"]
[BlackElo "2350"]
[WhiteFideId "1012533"]
[BlackFideId "400971"]
[EventDate "2011.07.19"]

1. e4 c5 2. Nc3 e6 3. f4 a6 4. Nf3 Nc6 5. d3 d5 6. e5 Nh6 7. g3 Nf5 8. Bg2 Be7
9. O-O h5 10. Bd2 Bd7 11. Rb1 Qb6 12. Na4 Qc7 13. b3 b5 14. Nb2 b4 15. Bh3 g6
16. Qe1 Ncd4 17. c3 Nxf3+ 18. Rxf3 Bc6 19. cxb4 cxb4 20. Rc1 Qb6+ 21. Kf1 Kd7
22. Rf2 Bc5 23. Re2 Rhc8 24. Bxf5 gxf5 25. Be3 Bxe3 26. Rxe3 Bb5 27. Re2 Qd4 28.
Nc4 a5 29. Rd1 Rc6 30. Red2 Ke7 31. Nd6 Ba6 32. Kg2 Rc3 33. Qe2 Rh8 34. Qf3 h4
35. h3 Rh6 36. g4 fxg4 37. hxg4 h3+ 38. Kg3 h2 39. g5 Qg1+ 40. Qg2 h1=N+ 41. Kg4
Qxg2+ 42. Rxg2 Rh8 43. f5 Bxd3 44. f6+ Kf8 45. Rdd2 Ng3 46. Rxg3 Bf5+ 47. Nxf5
exf5+ 48. Kxf5 Rxg3 49. Rxd5 Ke8 50. e6 fxe6+ 51. Kxe6 Re3+ 52. Kf5 Rh2 53. Rxa5
Kf8 54. Kg6 Re8 55. Ra7 Rb8 56. a3 bxa3 57. Rxa3 Rb2 58. Ra7 R2xb3 59. Rh7 Kg8
60. Rg7+ 1/2-1/2

[Event "Open NK"]
[Site "Dieren NED"]
[Date "2011.07.27"]
[Round "8"]
[White "Van der Linden, Lucas"]
[Black "Mostertman, Milan"]
[Result "1/2-1/2"]
[WhiteElo "2275"]
[BlackElo "2232"]
[WhiteFideId "1008722"]
[BlackFideId "1025848"]
[EventDate "2011.07.19"]

1. d4 Nf6 2. c4 e6 3. Nc3 Bb4 4. e3 O-O 5. Bd3 c5 6. Nf3 d6 7. O-O Nc6 8. Qc2
Bxc3 9. Qxc3 e5 10. dxe5 dxe5 11. Nd2 Be6 12. b3 Qa5 13. Qxa5 Nxa5 14. Ne4 Nxe4
15. Bxe4 Rfd8 16. Bb2 f5 17. Bc2 Nc6 18. g3 a6 19. Rfd1 b5 20. g4 fxg4 21. Be4
Rac8 22. cxb5 axb5 23. Rxd8+ Nxd8 24. a4 c4 25. axb5 cxb3 26. b6 Rb8 27. Bxe5 b2
28. Rd1 Rxb6 29. Rxd8+ Kf7 30. Rd1 Bb3 31. Bc7 Re6 32. Rd7+ Ke8 33. Rd8+ Ke7 34.
Rb8 Rxe4 35. Rxb3 Rc4 36. Rxb2 Rxc7 37. Rb4 h5 38. Kg2 Kf6 39. Kg3 g5 40. Rb6+
Kf5 41. Rb5+ Kf6 42. Rb6+ 1/2-1/2

[Event "Open NK"]
[Site "Dieren NED"]
[Date "2011.07.27"]
[Round "8"]
[White "Beukema, Stefan"]
[Black "Oudshoorn, Arres"]
[Result "0-1"]
[WhiteElo "2209"]
[BlackElo "2007"]
[WhiteFideId "1024523"]
[BlackFideId "1036203"]
[EventDate "2011.07.19"]

1. e4 c5 2. Nf3 g6 3. d4 cxd4 4. Nxd4 Nf6 5. Nc3 Nc6 6. Nxc6 bxc6 7. e5 Ng8 8.
Bc4 d5 9. exd6 Qxd6 10. Qf3 Nf6 11. Bf4 Bg4 12. Qe3 Qb4 13. Be5 Bg7 14. Qf4 Qb7
15. Ne4 O-O 16. O-O Bf5 17. Nxf6+ exf6 18. Bc3 Rfe8 19. Rfe1 Qd7 20. h4 h5 21.
Bb3 Rad8 22. Rad1 Rxe1+ 23. Rxe1 Re8 24. Rxe8+ Qxe8 25. Qd6 Qd7 26. Qxd7 Bxd7
27. Kf1 g5 28. Bd4 a6 29. g3 Be6 30. Bxe6 fxe6 31. b4 Kf7 32. a4 Bf8 33. Bc3
gxh4 34. gxh4 e5 35. Kg2 Ke6 36. Be1 Kd5 37. Kf3 f5 38. Ke2 Kc4 39. c3 e4 40. f3
Bg7 41. fxe4 fxe4 42. b5 cxb5 43. axb5 axb5 44. Ke3 Bxc3 45. Bg3 Kd5 46. Bc7 Bf6
47. Bg3 b4 48. Kd2 b3 49. Bf2 Kc4 50. Bg3 Kb4 51. Kc1 Kc3 52. Kb1 Kd3 53. Bf2
Ke2 54. Bg3 e3 55. Bf4 Kf3 56. Bh6 e2 57. Bc1 Kf2 58. Bd2 e1=Q+ 59. Bxe1+ Kxe1 0-1

[Event "Open NK"]
[Site "Dieren NED"]
[Date "2011.07.27"]
[Round "8"]
[White "Lommers, Frank"]
[Black "Partenheimer, Axel"]
[Result "1-0"]
[WhiteElo "2176"]
[BlackElo "2206"]
[WhiteFideId "1010107"]
[BlackFideId "4646703"]
[EventDate "2011.07.19"]

1. e4 c5 2. Nc3 Nc6 3. f4 g6 4. Nf3 Bg7 5. Bb5 Nd4 6. O-O a6 7. Bc4 b5 8. Bd5
Rb8 9. d3 e6 10. Bb3 Ne7 11. Nxd4 cxd4 12. Ne2 f5 13. Qe1 Bb7 14. e5 Nc6 15. Qf2
Qb6 16. c3 Bf8 17. Nxd4 Nxd4 18. Be3 Bc6 19. Bxd4 Qb7 20. Rad1 Be7 21. Rd2 Rg8
22. Bc5 g5 23. Bxe7 Kxe7 24. fxg5 Rxg5 25. Qh4 Rg8 26. Rxf5 exf5 27. Bxg8 h6 28.
g3 Qb6+ 29. d4 Bb7 30. Bb3 b4 31. c4 Ke8 32. Qf4 Kd8 33. Qf2 Qg6 34. d5 f4 35.
Qxf4 Qb1+ 36. Rd1 Qxb2 37. e6 Re5 38. Qf8+ Kc7 39. Qc5+ Bc6 40. Qa7+ 1-0

[Event "Open NK"]
[Site "Dieren NED"]
[Date "2011.07.27"]
[Round "8"]
[White "Kollen, Zyon"]
[Black "Timmermans, Mark"]
[Result "1/2-1/2"]
[WhiteElo "2118"]
[BlackElo "2183"]
[WhiteFideId "1024256"]
[BlackFideId "1026399"]
[EventDate "2011.07.19"]

1. e4 e5 2. Nf3 Nc6 3. Bc4 Nf6 4. Ng5 d5 5. exd5 Na5 6. Bb5+ Bd7 7. Qe2 Be7 8.
Nc3 O-O 9. O-O Bxb5 10. Qxb5 c6 11. dxc6 Nxc6 12. Qe2 Nd4 13. Qd1 Nd5 14. Nf3
Nb4 15. Nxd4 exd4 16. a3 Nc6 17. Ne2 d3 18. cxd3 Qxd3 19. Nf4 Qd7 20. d3 Bf6 21.
Rb1 Rfd8 22. Be3 Be5 23. b4 a6 24. Rb3 Bxf4 25. Bxf4 Nd4 26. Rb1 Ne6 27. Be3
Qxd3 28. Bb6 Rd6 29. Qxd3 Rxd3 30. a4 Kf8 31. f4 f5 32. Rbc1 Kf7 33. g3 g6 1/2-1/2

[Event "Open NK"]
[Site "Dieren NED"]
[Date "2011.07.27"]
[Round "8"]
[White "Offringa, Joost"]
[Black "Hachijan, Armen"]
[Result "1-0"]
[WhiteElo "2085"]
[BlackElo "2165"]
[WhiteFideId "1025880"]
[BlackFideId "1028081"]
[EventDate "2011.07.19"]

1. e4 c5 2. Nc3 d6 3. f4 Nc6 4. Nf3 g6 5. Bb5 Bg7 6. O-O Bd7 7. Bxc6 Bxc6 8. d3
Qd7 9. Qe1 Nh6 10. h3 f5 11. Ng5 fxe4 12. dxe4 O-O 13. Qh4 b5 14. Nd1 e5 15. Nf2
exf4 16. c3 Rf6 17. Bxf4 Bf8 18. Nf3 Nf7 19. Qxf6 Be7 20. Ng4 Kf8 21. Bh6+ 1-0

[Event "Open NK"]
[Site "Dieren NED"]
[Date "2011.07.27"]
[Round "8"]
[White "Smagin, Nikita"]
[Black "Von Meijenfeldt, Bart"]
[Result "1/2-1/2"]
[WhiteElo "1977"]
[BlackElo "2154"]
[WhiteFideId "24149039"]
[BlackFideId "1032259"]
[EventDate "2011.07.19"]

1. e4 c5 2. Nc3 d6 3. f4 g6 4. Nf3 Bg7 5. Bc4 Nf6 6. d3 O-O 7. O-O Nc6 8. Qe1
Nd4 9. Nxd4 cxd4 10. Nd5 Nxd5 11. Bxd5 e6 12. Bb3 d5 13. exd5 exd5 14. Bd2 Bf5
15. Qf2 Qd7 16. Qf3 1/2-1/2

[Event "Open NK"]
[Site "Dieren NED"]
[Date "2011.07.27"]
[Round "8"]
[White "Vereggen, Lars"]
[Black "Swinkels, Maurice"]
[Result "1/2-1/2"]
[WhiteElo "2036"]
[BlackElo "2102"]
[WhiteFideId "1029258"]
[BlackFideId "1026305"]
[EventDate "2011.07.19"]

1. d4 d5 2. Nf3 Nf6 3. c4 dxc4 4. Qa4+ Bd7 5. Qxc4 e6 6. Qc2 c5 7. dxc5 Na6 8.
Nc3 Bxc5 9. e3 Nb4 10. Qb3 O-O 11. Be2 b6 12. O-O Bc6 13. Rd1 Qc7 14. Bd2 Nbd5
15. Rac1 Nxc3 16. Bxc3 Ng4 17. h3 Bxf3 18. Bxf3 Qh2+ 19. Kf1 Nxe3+ 20. fxe3 Bxe3
21. Ke2 1/2-1/2

[Event "Open NK"]
[Site "Dieren NED"]
[Date "2011.07.27"]
[Round "8"]
[White "Jonker, Fred"]
[Black "Vos, Tjark"]
[Result "1/2-1/2"]
[WhiteElo "2154"]
[BlackElo "1842"]
[WhiteFideId "1005260"]
[BlackFideId "1020870"]
[EventDate "2011.07.19"]

1. e4 c6 2. d4 d5 3. f3 e6 4. g3 Nd7 5. Bg2 Ne7 6. Ne2 c5 7. c3 Qb6 8. O-O Nc6
9. exd5 exd5 10. Nf4 Nf6 11. Re1+ Be7 12. c4 Nxd4 13. Nc3 Be6 14. Nfxd5 Bxd5 15.
cxd5 Qd8 16. Qa4+ Kf8 17. f4 Qd7 18. Qxd7 Nxd7 19. Rb1 Nf6 20. Rd1 Rd8 21. Kf1
b5 22. a3 a6 23. h3 h5 24. Be3 Nf5 25. Bf2 Rh6 26. Be4 Nd6 27. Bf3 Rg6 28. Rd2
Nf5 29. Ne2 Bd6 30. b3 Re8 31. Rc1 Ne3+ 32. Kg1 Nexd5 33. Bxc5 Bxc5+ 34. Rxc5
Ne7 35. Rd6 Nfg8 36. Rxg6 fxg6 37. Rc7 Rd8 38. Ra7 Rd3 39. Kf2 Rxb3 40. Rxa6 Nf6
41. Nd4 Rb2+ 42. Be2 Nf5 43. Ra8+ 1/2-1/2

[Event "Open NK"]
[Site "Dieren NED"]
[Date "2011.07.27"]
[Round "8"]
[White "Beerdsen, Thomas"]
[Black "Van Mierlo, Guido"]
[Result "1/2-1/2"]
[WhiteElo "2009"]
[BlackElo "2097"]
[WhiteFideId "1030108"]
[BlackFideId "1032453"]
[EventDate "2011.07.19"]

1. e4 c6 2. d4 d5 3. Nc3 dxe4 4. Nxe4 Bf5 5. Ng3 Bg6 6. h4 h6 7. Nf3 Nd7 8. h5
Bh7 9. Bd3 Bxd3 10. Qxd3 e6 11. Bd2 Qc7 12. O-O-O Ngf6 13. Ne4 Nxe4 14. Qxe4
O-O-O 15. Kb1 Bd6 16. c4 c5 17. Be3 cxd4 18. Qxd4 Be5 19. Qxa7 Bf4 20. Rd2 Bxe3
21. Qxe3 Nf6 22. Nd4 Qa5 23. Rd3 Qg5 24. Qh3 Qg4 25. Qxg4 Nxg4 1/2-1/2

[Event "Open NK"]
[Site "Dieren NED"]
[Date "2011.07.27"]
[Round "8"]
[White "Merza, Morris"]
[Black "Viergever, Max"]
[Result "0-1"]
[WhiteElo "2145"]
[BlackElo "2123"]
[WhiteFideId "1027140"]
[BlackFideId "1019058"]
[EventDate "2011.07.19"]

1. e4 c5 2. c3 e6 3. d4 d5 4. exd5 exd5 5. Be3 c4 6. b3 cxb3 7. axb3 Nf6 8. Nf3
Bg4 9. Be2 Bd6 10. Nbd2 O-O 11. h3 Bh5 12. O-O Qc7 13. Rc1 Nc6 14. Re1 Rfe8 15.
b4 Bf4 16. Nf1 Ne4 17. Qb3 Rad8 18. c4 dxc4 19. Rxc4 Bxe3 20. fxe3 Qd6 21. Rd1
Ng3 22. Nxg3 Qxg3 23. Rc5 Nxd4 24. Rxd4 Bxf3 25. Bxf3 Rxd4 26. Qc3 Rd7 27. Qa3
h6 28. Rc1 Rde7 29. Qxa7 Rxe3 30. Rf1 Re1 31. Qf2 Qxf2+ 32. Kxf2 Rxf1+ 33. Kxf1
b6 0-1

[Event "Open NK"]
[Site "Dieren NED"]
[Date "2011.07.27"]
[Round "8"]
[White "Wroblowski, Oliver"]
[Black "Cox, Jan"]
[Result "0-1"]
[WhiteElo "2191"]
[BlackElo "1962"]
[WhiteFideId "24698679"]
[BlackFideId "1031384"]
[EventDate "2011.07.19"]

1. d4 Nf6 2. c4 g6 3. Nc3 Bg7 4. e4 d6 5. f4 O-O 6. Nf3 c5 7. d5 e6 8. Be2 exd5
9. cxd5 Bg4 10. O-O Nbd7 11. Nd2 Bxe2 12. Qxe2 Re8 13. Qf3 a6 14. a4 Qe7 15. Re1
b5 16. axb5 axb5 17. Rxa8 Rxa8 18. Nxb5 Nxd5 19. e5 N7b6 20. Nxd6 Rd8 21. Qe4
Nxf4 22. Nb3 Ne6 23. Rf1 f5 24. exf6 Bxf6 25. Qf3 Rf8 26. Qg3 Nd4 27. Kh1 Be5
28. Rxf8+ Qxf8 29. Qd3 Qxd6 0-1

[Event "Open NK"]
[Site "Dieren NED"]
[Date "2011.07.28"]
[Round "9"]
[White "Ly, Moulthun"]
[Black "Turov, Maxim"]
[Result "0-1"]
[WhiteTitle "FM"]
[BlackTitle "GM"]
[WhiteElo "2369"]
[BlackElo "2630"]
[WhiteFideId "3204405"]
[BlackFideId "4120086"]
[EventDate "2011.07.19"]

1. e4 c6 2. d4 d5 3. e5 Bf5 4. Nf3 e6 5. Be2 Ne7 6. O-O Nc8 7. b3 Be7 8. c4 O-O
9. Nc3 Nd7 10. cxd5 cxd5 11. Bb2 a6 12. h3 Na7 13. Bd3 Bxd3 14. Qxd3 Nc6 15.
Rfc1 Qa5 16. a3 Rfc8 17. b4 Qd8 18. Na4 Nb6 19. Nxb6 Qxb6 20. Rc2 Qd8 21. Rac1
Na7 22. g3 Rxc2 23. Rxc2 Nc8 24. Nd2 Nb6 25. Kg2 Qd7 26. Nb3 Nc4 27. Nc5 Qb5 28.
Qf3 Bxc5 29. dxc5 a5 30. Qb3 axb4 31. axb4 Ra4 32. Bc3 Na5 33. Qb1 Nc6 34. Qf1
Na7 35. Bd2 Ra6 36. Qb1 Nc6 37. Qf1 Qxf1+ 38. Kxf1 Ra1+ 39. Kg2 Nd4 40. c6 bxc6
41. Rc5 h5 42. Be3 Rd1 43. g4 hxg4 44. hxg4 Kh7 45. f4 Rd3 46. Kf2 Nb3 47. Rxc6
d4 48. Bc1 Rd1 49. Ke2 Rxc1 50. Rxc1 Nxc1+ 51. Kd2 Na2 52. b5 Nb4 53. b6 Kg8 0-1

[Event "Open NK"]
[Site "Dieren NED"]
[Date "2011.07.28"]
[Round "9"]
[White "L'Ami, Erwin"]
[Black "Lenderman, Aleksandr"]
[Result "1/2-1/2"]
[WhiteTitle "GM"]
[BlackTitle "GM"]
[WhiteElo "2611"]
[BlackElo "2525"]
[WhiteFideId "1007998"]
[BlackFideId "2021285"]
[EventDate "2011.07.19"]

1. d4 d6 2. Nf3 g6 3. g3 Bg7 4. Bg2 Nd7 5. O-O e5 6. c4 Ne7 7. Nc3 O-O 8. e4
exd4 9. Nxd4 Nc6 10. Nde2 a5 11. b3 Nc5 12. Be3 f5 13. exf5 Bxf5 14. Qd5+ Be6
15. Qd2 a4 16. Bd5 Kh8 17. Bxe6 Nxe6 18. f4 axb3 19. axb3 Qf6 20. Rxa8 Rxa8 21.
Nd5 Qf5 22. Rd1 Ra3 23. Qd3 Qxd3 24. Rxd3 Na5 25. Nd4 Bxd4 26. Bxd4+ Kg8 27. Bc3
Kf7 28. Bxa5 Rxa5 29. b4 Ra4 30. Kg2 Kf8 31. Re3 Kf7 32. Rd3 Kf8 33. Re3 Kf7 34.
Rd3 1/2-1/2

[Event "Open NK"]
[Site "Dieren NED"]
[Date "2011.07.28"]
[Round "9"]
[White "Vovk, Andrey"]
[Black "Hendriks, Willy"]
[Result "1-0"]
[WhiteTitle "GM"]
[BlackTitle "IM"]
[WhiteElo "2551"]
[BlackElo "2415"]
[WhiteFideId "14114470"]
[BlackFideId "1000713"]
[EventDate "2011.07.19"]

1. e4 d6 2. d4 Nf6 3. Nc3 g6 4. Be3 Bg7 5. Qd2 c6 6. h3 O-O 7. Nf3 Nbd7 8. Bd3
e5 9. O-O Re8 10. Rfe1 exd4 11. Nxd4 Nc5 12. Bh6 Bxh6 13. Qxh6 Qb6 14. Nb3 Nxd3
15. cxd3 Be6 16. Nd2 Qxb2 17. Rac1 d5 18. Nf3 Nd7 19. e5 Nf8 20. Ne2 Re7 21. Nf4
Rae8 22. Qg5 Kh8 23. h4 Bc8 24. h5 Re6 25. Nxe6 Nxe6 26. Qf6+ Kg8 27. Ng5 Nxg5
28. Qxg5 Qa3 29. d4 Qe7 30. Qf4 g5 31. Qd2 Kh8 32. f3 g4 33. Qf4 Rg8 34. Rf1 g3
35. Rc3 Be6 36. Rb1 Bc8 37. Re3 Qe6 38. Qf6+ Qxf6 39. exf6 1-0